000 00750nam a22002417a 4500
005 20170124110145.0
010 _aB-061215
020 _c00.00
_a81224128331
035 _aB-061215
037 _bCen Lib/Ret
040 _aDPL
_bEN
082 _a664.028
_bSUB
100 _aSubbulakshmi, G
_933165
245 _aFood processing and preservation /
_cby G. Subbulakshmi [and] Shobha A. Udipi
260 _aNew Delhi
_bNew Age International
_c2001
270 _a4835/24, Ansari Road, Daryaganj
_bNew Delhi
_e110002
300 _aix,298p.
_c23cm(Hb)
500 _aIncludes index
650 _aFood irradiation
_933166
650 _aFood additives
_933167
700 _aUdipi, Shodha A
_933168
942 _2ddc
_cEN
_h664.028
_mSUB
999 _c131907
_d131907